02762nam a2200277 a 4500001001000000005001700010008004100027041000800068044000700076084002000083100004500103245009500148260003100243300001700274500035500291500141700646500005402063500000902117650005202126650005602178650003402234650004502268700005402313700006702367740005002434BRCA_247320190320203827.0201108s1833----sp-#---###---#000-0#spa-u aspa asp a113b.A38c18331 aCervantes Saavedra, Miguel ded1547-161610aEl Ingenioso Hidalgo Don Quijote de la Manchaccompuesto por Miguel de Cervantes Saavedra. aMadridbD. E. Aguadoc1833 a6 v.c22 cm. aContenido : v 1. Primera parte. Prólogo por Diego Clemencín. Dedicatoria del autor. Prólogo del autor. Versos preliminares. Texto. -- v 2. Texto. -- v 3. Texto. -- v 4. Segunda parte. Dedicatoria del autor. Prólogo del autor. Texto. -- v 5. Texto. -- v 6. Texto. Variantes de la edición académica de 1819. Comentario de Clemencín. Texto aEl comentario de Clemencín que acompaña esta edición es uno de los más extensos en cuanto al número de notas. Conocedor, mucho más que Pellicer, de las obras y de los autores coetáneos de Cervantes, Clemencín pecó de demasiado prolijo y extenso, en muchos aspectos superfluo, y hasta injusto con Cervantes. En suma, el Comentario de Clemencín aún hoy día figura en primera línea en cuanto a notas referentes a los libros de caballería que conocía como nadie; las notas históricas y las literarias, representan una síntesis de cuanto acerca de estos temas se conocía en la época de su autor; las relativas a filología, son hoy por hoy inaceptables, pues quería Clemencín que Cervantes, viviendo en los siglos XVI y XVII, escribiera en el estilo y lenguaje del XIX; y las concernientes al enfoque ideológico y político, son para aquellas fechas históricas, del todo anticuadas, dado que en pleno siglo diecinueve, consideraba la gran novela como una simple y sencilla burla de los libros caballerescos y nada más. Pero, a pesar de tales defectos, sus notas han sido y serán últiles a cuantos han comentado o intenten comentar y analizar el Quijote. Además del comentario de Clemencín, contiene el prólogo del mismo por Alberto Lista, y retrato del anotador. La impresión y el papel son excelentes. Semipiel; lomos con adornos dorados Lúdovik Osterc aEstado físico : Recuperación física en 2008 aQM9314aNovela españolayÉpoca clásica, 1500-170014aLiteratura españolayÉpoca clásica, 1500-170014aNovela españolaySiglo XVII14aDon Quijote (Personaje ficticio)eNovela1 aClemencín y Viñas, Diegod1785-1834eAnotador1 aRodriguez de Lista y Aragón, Albertod1775-1848eProloguista0 aEl Ingenioso Hidalgo Don Quijote de la Mancha